[Event "Iceland-Dettmann"]
[Site "?"]
[Date "2016.06.26"]
[Round "?"]
[White "Arnason, Jon L"]
[Black "Dettmann, Uwe"]
[Result "1-0"]
[WhiteElo "2490"]
[BlackElo "1909"]
[PlyCount "45"]
[EventDate "2016.??.??"]

1. e4 e5 2. Nf3 Nc6 3. Bb5 d6 4. d4 Bd7 5. Nc3 Nf6 6. O-O Be7 7. Re1 exd4 8.
Nxd4 O-O 9. Bxc6 bxc6 10. Qf3 Ne8 11. Bf4 g6 12. Rad1 Ng7 13. Qd3 Ne6 14. Bh6
Re8 15. Nf3 Bf8 16. Bxf8 Kxf8 17. Rd2 Rb8 18. b3 Ng7 19. Qe3 Ra8 20. Qh6 Bg4
21. Qxh7 Ne6 22. Qh8+ Ke7 23. Qh4+ 1-0

[Event "BSV Chemie Radebeul-SV Eiche Reichenbra"]
[Site "?"]
[Date "2016.06.26"]
[Round "?"]
[White "Fehlhammer, Michael"]
[Black "Westphal, Norbert"]
[Result "1-0"]
[WhiteElo "2174"]
[BlackElo "1965"]
[PlyCount "93"]
[EventDate "2016.??.??"]

1. e4 Nf6 2. e5 Nd5 3. d4 d6 4. Nf3 dxe5 5. Nxe5 c6 6. Bd3 Be6 7. O-O Nd7 8.
Nxd7 Qxd7 9. Nd2 Nf6 10. c3 Bg4 11. Qb3 Qc7 12. Ne4 Nxe4 13. Bxe4 Bd7 14. g3 e6
15. Bf4 Bd6 16. Bxd6 Qxd6 17. Qxb7 O-O 18. Qa6 Rfb8 19. b4 h5 20. Qe2 g6 21. f4
a5 22. a3 axb4 23. axb4 Rxa1 24. Rxa1 Rxb4 25. Ra8+ Rb8 26. Qa6 Rxa8 27. Qxa8+
Kg7 28. Qa5 f6 29. h4 Kh6 30. Kf2 Qb8 31. Qb4 Qxb4 32. cxb4 g5 33. Ke3 gxh4 34.
gxh4 Kg7 35. Kd3 Kf7 36. Kc4 e5 37. dxe5 fxe5 38. fxe5 Ke6 39. Kd4 Be8 40. Bd3
Kd7 41. Bf5+ Kc7 42. Kc5 Bf7 43. Be4 Be8 44. Bf3 Bd7 45. Bxh5 Be6 46. Be8 Bd5
47. b5 1-0

[Event "Sachsen-Anhalt-TSG Markkleeberg von 190"]
[Site "?"]
[Date "2016.06.26"]
[Round "?"]
[White "Mikolajewski, Armin"]
[Black "Fuchs, Joachim"]
[Result "1-0"]
[WhiteElo "2076"]
[BlackElo "1819"]
[PlyCount "95"]
[EventDate "2016.??.??"]

1. d4 d6 2. c4 e5 3. d5 Nf6 4. Nc3 Be7 5. e4 O-O 6. Bd3 c6 7. Nge2 cxd5 8. cxd5
a6 9. O-O Bg4 10. Be3 Nbd7 11. f3 Bh5 12. Qd2 b5 13. g4 Bg6 14. Ng3 Ne8 15.
Nce2 Nc5 16. Bc2 Rc8 17. Rfc1 Bh4 18. Bd1 h6 19. b4 Nd7 20. Rxc8 Qxc8 21. Rc1
Qd8 22. Rc6 Nb8 23. Rc3 Bg5 24. Kg2 Bxe3 25. Qxe3 Nf6 26. Qc1 Nfd7 27. Bb3 Kh7
28. h3 Nb6 29. Qe3 N6d7 30. Qa7 f6 31. Rc7 Qe7 32. h4 Rd8 33. h5 Be8 34. Nf5
Qf8 35. a4 g6 36. hxg6+ Bxg6 37. Neg3 Bxf5 38. Nxf5 Kh8 39. axb5 axb5 40. Qb7
h5 41. Qxb5 hxg4 42. fxg4 Qg8 43. Bd1 Qg5 44. Nxd6 Qd2+ 45. Qe2 Qxe2+ 46. Bxe2
Kg7 47. Bb5 Kg6 48. Nb7 1-0

[Event "TuS Coswig 1920-Schachfreunde Leipzig 5"]
[Site "?"]
[Date "2016.06.26"]
[Round "?"]
[White "Poenisch, Wolfram"]
[Black "Gempe, Thomas"]
[Result "0-1"]
[WhiteElo "1877"]
[BlackElo "2206"]
[PlyCount "60"]
[EventDate "2016.??.??"]

1. d4 Nf6 2. e3 g6 3. c4 Bg7 4. Nc3 O-O 5. Be2 d5 6. cxd5 Nxd5 7. Nxd5 Qxd5 8.
Bf3 Qa5+ 9. Bd2 Qb6 10. Qc1 e5 11. dxe5 Nd7 12. Bc3 Nxe5 13. Be2 Bf5 14. Bd4
Nd3+ 15. Bxd3 Bxd4 16. Qc2 Bxb2 17. Rd1 Rad8 18. Nf3 Bxd3 19. Rxd3 Rxd3 20.
Qxd3 Qa5+ 21. Ke2 Qxa2 22. Rd1 Bf6+ 23. Rd2 Qa5 24. Rb2 Rd8 25. Qc4 c6 26. g4
Qd5 27. Qxd5 Rxd5 28. h4 h6 29. e4 Rb5 30. Kf1 Rxb2 0-1

[Event "TuS Coswig 1920-Schachfreunde Leipzig 5"]
[Site "?"]
[Date "2016.06.26"]
[Round "?"]
[White "Schober, Ralf"]
[Black "Flemmer, Wolfgang"]
[Result "1/2-1/2"]
[WhiteElo "2029"]
[BlackElo "1984"]
[PlyCount "55"]
[EventDate "2016.??.??"]

1. d4 d5 2. Nf3 Nf6 3. e3 e6 4. c4 Nbd7 5. Nc3 c6 6. Ne5 Be7 7. f4 O-O 8. Bd3
a6 9. O-O dxc4 10. Bxc4 Nb6 11. Bb3 c5 12. Ne2 Bd7 13. Kh1 Rc8 14. Bd2 Bb5 15.
Ba5 Qd6 16. a4 Bxe2 17. Qxe2 cxd4 18. e4 Qc5 19. Be1 Nbd7 20. Nd3 Qb6 21. Ba2
Nc5 22. e5 Nd5 23. Bxd5 exd5 24. Bb4 Rfe8 25. Bxc5 Bxc5 26. Qd2 Be7 27. f5 h6
28. f6 1/2-1/2

[Event "Blue Wonder-SV Dresden-Striesen 1990 e."]
[Site "?"]
[Date "2016.06.26"]
[Round "?"]
[White "Lehmann, Wolfgang"]
[Black "Grossmann, Frank"]
[Result "1-0"]
[WhiteElo "2048"]
[BlackElo "1808"]
[PlyCount "58"]
[EventDate "2016.??.??"]

1. d4 d5 2. c4 c6 3. cxd5 cxd5 4. Nc3 Nf6 5. Nf3 Nc6 6. Bf4 e6 7. e3 Bb4 8. Bd3
O-O 9. O-O a6 10. Rc1 h6 11. h3 Bd6 12. Bb1 Bxf4 13. exf4 g6 14. Ne5 Nxe5 15.
fxe5 Nd7 16. Ne2 Kg7 17. Rc3 Rg8 18. Qc2 b5 19. Nf4 Nf8 20. Rg3 Kh7 21. Nh5 Nd7
22. Rf3 Qe8 23. Qc7 Kh8 24. Nf6 Nxf6 25. Rxf6 Rf8 26. Rc1 Qd7 27. Bxg6 Ra7 28.
Qc3 Kg7 29. Bh5 Bb7 1-0

[Event "Sweden-SK Norderstedt von 1975 e.V."]
[Site "?"]
[Date "2016.06.26"]
[Round "?"]
[White "Voitel, Dietrich"]
[Black "Gromark, Per-Olof"]
[Result "1/2-1/2"]
[WhiteElo "1559"]
[BlackElo "2003"]
[PlyCount "109"]
[EventDate "2016.??.??"]

1. c4 e6 2. Nc3 d5 3. e3 Nf6 4. d4 Be7 5. Nf3 O-O 6. Be2 dxc4 7. Bxc4 a6 8. Be2
b5 9. O-O Bb7 10. a3 Nbd7 11. Bd2 c5 12. dxc5 Nxc5 13. b4 Nce4 14. Nxe4 Nxe4
15. Be1 Bf6 16. Rc1 Qb6 17. Nd4 Rfd8 18. Qb3 Bxd4 19. exd4 Rxd4 20. Bc3 Nxc3
21. Rxc3 Rad8 22. Bf3 g6 23. Bxb7 Qxb7 24. Rf3 Qd5 25. Qc3 Rd3 26. Qf6 Rxf3 27.
gxf3 Qd4 28. Qe7 Kg7 29. Re1 Qd6 30. Qg5 Qd2 31. Qe5+ Kg8 32. Kg2 Qd4 33. Qg5
Rd5 34. Qe7 Qd2 35. Re3 Rd7 36. Qf6 Qd4 37. Qg5 Kg7 38. Qg3 h6 39. h3 Qd5 40.
h4 Qd6 41. Qh3 Rc7 42. Qh1 Rc4 43. Qa1+ Qd4 44. Qxd4+ Rxd4 45. Kg3 h5 46. Rc3
Rd6 47. f4 Kf6 48. f3 Ke7 49. Re3 Rd1 50. Rc3 Ra1 51. Rd3 Kf6 52. Re3 Rg1+ 53.
Kh2 Rc1 54. Kg3 Ke7 55. Rd3 1/2-1/2

[Event "SK Kaltenkirchen-Rochade Bielefeld Revi"]
[Site "?"]
[Date "2016.06.26"]
[Round "?"]
[White "Thoele, Wolfgang"]
[Black "Pantel, Heinrich"]
[Result "1/2-1/2"]
[WhiteElo "1990"]
[BlackElo "1801"]
[PlyCount "58"]
[EventDate "2016.??.??"]

1. e4 d5 2. exd5 Qxd5 3. Nc3 Qd8 4. d4 c6 5. Nf3 Bg4 6. Be2 Nf6 7. O-O e6 8.
Bg5 Be7 9. Ne5 Bxe2 10. Nxe2 O-O 11. Ng3 Nd5 12. Bxe7 Nxe7 13. c3 Nd7 14. f4
Nf6 15. Qb3 Qc7 16. Rae1 Rae8 17. Qd1 Rd8 18. Ng4 Nfd5 19. Qf3 c5 20. dxc5
Qxc5+ 21. Qf2 Qxf2+ 22. Rxf2 Nb6 23. b3 Rd3 24. c4 Rfd8 25. Ne5 Rd1 26. Rxd1
Rxd1+ 27. Rf1 Rxf1+ 28. Kxf1 f6 29. Nd3 Nd7 1/2-1/2

[Event "VSG 1880 Offenbach-Deutsche Schach-Loew"]
[Site "?"]
[Date "2016.06.26"]
[Round "?"]
[White "Trumpp, Lothar"]
[Black "Carsten, Juergen"]
[Result "1-0"]
[WhiteElo "2037"]
[BlackElo "1789"]
[PlyCount "59"]
[EventDate "2016.??.??"]

1. Nc3 d5 2. e4 d4 3. Nce2 e5 4. Ng3 g6 5. Bc4 Qe7 6. Nf3 Bg7 7. c3 Be6 8. Qb3
c6 9. Bxe6 fxe6 10. d3 Na6 11. a4 Rb8 12. O-O Nc5 13. Qc2 b5 14. axb5 cxb5 {(=)
} 15. Bg5 Qc7 16. cxd4 exd4 17. Rfc1 Rc8 18. b4 Na6 19. Qb3 Qd7 20. Rxa6 Rxc1+
21. Bxc1 Qc8 22. Rxe6+ Kf8 23. Bf4 Bf6 24. Ng5 Bxg5 25. Bxg5 h6 26. Bf4 h5 27.
Rxg6 h4 28. Bd6+ Ke8 29. Rxg8+ Kd7 30. Qf7+ 1-0

[Event "VSG 1880 Offenbach-Deutsche Schach-Loew"]
[Site "?"]
[Date "2016.06.26"]
[Round "?"]
[White "Schwieger, Wolfgang"]
[Black "Weiss, Matthias"]
[Result "1/2-1/2"]
[WhiteElo "1825"]
[BlackElo "2043"]
[PlyCount "108"]
[EventDate "2016.??.??"]

1. d4 Nf6 2. Nf3 g6 3. e3 Bg7 4. b3 c5 5. Bb2 O-O 6. Be2 cxd4 7. exd4 d5 8. O-O
Nc6 9. Re1 Bf5 10. c3 Re8 11. Bd3 Bxd3 12. Qxd3 e6 13. Na3 Rc8 14. Rad1 Ne4 15.
Nb1 Qa5 16. a4 a6 17. Nfd2 Nf6 18. Nf3 b5 19. axb5 Qxb5 20. Qxb5 axb5 21. Nbd2
Ra8 22. Ra1 Nd7 23. c4 bxc4 24. bxc4 Nb4 25. Rxa8 Rxa8 26. Ra1 Rxa1+ 27. Bxa1
Nb6 28. c5 Na4 29. Nb3 Nc2 30. c6 Nxa1 31. Nxa1 Kf8 32. Kf1 Ke7 33. Nb3 Kd6 34.
g4 f6 35. g5 Kxc6 36. Ke2 Kb5 37. Kd3 Nb2+ 38. Kc2 Na4 39. Kd3 Kb4 40. Nc1 fxg5
41. Nxg5 Bh6 42. f4 Bxg5 43. fxg5 Nb6 44. Ne2 Nd7 45. Ng1 Kb5 46. Nf3 Kc6 47.
Ke3 Kd6 48. Kf4 Nb8 49. Ne5 Nc6 50. Nxc6 Kxc6 51. Ke5 Kd7 52. Kf6 Kd6 53. h3
Kd7 54. Kf7 Kd6 1/2-1/2

[Event "Russia 65+-Dresdner Springer"]
[Site "?"]
[Date "2016.06.26"]
[Round "?"]
[White "Schwier, Gerd"]
[Black "Pushkov, Nikolai"]
[Result "0-1"]
[WhiteElo "1864"]
[BlackElo "2315"]
[PlyCount "89"]
[EventDate "2016.??.??"]

1. e4 e6 2. f4 d5 3. e5 c5 4. Nf3 Nc6 5. c3 Nh6 6. d3 Nf5 7. Na3 Rb8 8. Nc2 b5
9. g4 Nh4 10. Be3 h5 11. Bf2 Ng6 12. gxh5 Nxf4 13. h6 gxh6 14. Qd2 Ng6 15. d4
b4 16. Bd3 bxc3 17. bxc3 cxd4 18. Bxg6 fxg6 19. Ncxd4 Nxd4 20. Nxd4 Qc7 21. O-O
Bg7 22. Qd3 O-O 23. Qxg6 Qf7 24. Qxf7+ Rxf7 25. Nc6 Rb2 26. Bd4 Rxf1+ 27. Rxf1
Bd7 28. Ne7+ Kh7 29. Bxa7 Rxa2 30. Bd4 Rb2 31. h4 Rb7 32. h5 Be8 33. Nc8 Bxh5
34. Nd6 Rd7 35. Ra1 Bg6 36. Ra8 h5 37. Kh2 Re7 38. Kg3 Bh6 39. Ra7 Rxa7 40.
Bxa7 Bd2 41. c4 Bc3 42. Kf4 d4 43. Nb5 Bd2+ 44. Kf3 d3 45. Kg3 0-1

[Event "USV TU Dresden-SV Dresden-Striesen 1990"]
[Site "?"]
[Date "2016.06.26"]
[Round "?"]
[White "Kahn, Peter"]
[Black "Thalheim, Peter"]
[Result "1-0"]
[WhiteElo "2097"]
[BlackElo "1827"]
[PlyCount "87"]
[EventDate "2016.??.??"]

1. e4 e6 2. d4 d5 3. Nd2 c5 4. exd5 exd5 5. Ngf3 Bg4 6. Bb5+ Nc6 7. O-O Bd6 8.
Re1+ Nge7 9. dxc5 Bxc5 10. Nb3 Qb6 11. Bxc6+ bxc6 12. Nxc5 Qxc5 13. Be3 Qd6 14.
c3 O-O 15. b4 Rfe8 16. Bc5 Qf6 17. Qd4 Bxf3 18. Qxf6 gxf6 19. Bxe7 Bg4 20. Bxf6
Bd7 21. Re7 Rxe7 22. Bxe7 f5 23. Bc5 a6 24. f3 Re8 25. Kf2 h5 26. a4 Kf7 27. a5
Kf6 28. Rd1 Rb8 29. Rd4 Be6 30. Rd3 Kf7 31. Re3 Re8 32. Re5 Bd7 33. Rxe8 Bxe8
34. Ke3 Ke6 35. Kd4 f4 36. Bf8 Kf5 37. Kc5 Ke5 38. Kb6 Bg6 39. Kxa6 Bd3+ 40.
Kb6 Bf1 41. g3 Bg2 42. gxf4+ Kxf4 43. a6 Bxf3 44. a7 1-0

[Event "USV TU Dresden-SV Dresden-Striesen 1990"]
[Site "?"]
[Date "2016.06.26"]
[Round "?"]
[White "Niese, Dieter"]
[Black "Petzold, Hans"]
[Result "1/2-1/2"]
[WhiteElo "1811"]
[BlackElo "2092"]
[PlyCount "49"]
[EventDate "2016.??.??"]

1. e4 e5 2. Nf3 Nc6 3. Bb5 a6 4. Ba4 d6 5. c3 Nf6 6. O-O Be7 7. Re1 b5 8. Bb3
Bg4 9. d3 Na5 10. Bc2 c5 11. Nbd2 O-O 12. Nf1 Qd7 13. Ng3 Rac8 14. h3 Be6 15.
d4 cxd4 16. cxd4 Qc7 17. Bd3 Ne8 18. b3 g6 19. Bb2 f6 20. Qd2 Ng7 21. Rac1 Qb6
22. Rxc8 Bxc8 23. Rc1 Ne6 24. b4 Nb7 25. d5 1/2-1/2

[Event "Hessen 1-England 3"]
[Site "?"]
[Date "2016.06.26"]
[Round "?"]
[White "Haubt, Georg"]
[Black "Fenwick, Hugh F"]
[Result "1-0"]
[WhiteElo "2132"]
[BlackElo "1912"]
[PlyCount "67"]
[EventDate "2016.??.??"]

1. d4 e6 2. e4 d5 3. Nc3 Bb4 4. exd5 exd5 5. Bd3 Nc6 6. Nge2 Nge7 7. a3 Ba5 8.
Bg5 f6 9. Bf4 Nf5 10. O-O O-O 11. Na4 Ncxd4 12. Nxd4 Nxd4 13. Bxh7+ Kxh7 14.
Qxd4 Bf5 15. c4 dxc4 16. Qc5 Bd3 17. Qxa5 Bxf1 18. Bxc7 Qe8 19. Rxf1 b6 20.
Qf5+ g6 21. Qh3+ Kg7 22. Nc3 Qc6 23. Rd1 Rf7 24. Bf4 Rh8 25. Qg3 Rd7 26. Rxd7+
Qxd7 27. Qf3 Re8 28. Be3 b5 29. h4 Re5 30. Qf4 Rh5 31. g3 a5 32. Ne4 Qe7 33. g4
Rxh4 34. Bd4 1-0

[Event "Hessen 1-England 3"]
[Site "?"]
[Date "2016.06.26"]
[Round "?"]
[White "Scowen, Roger S"]
[Black "Mueller, Horst"]
[Result "0-1"]
[WhiteElo "1849"]
[BlackElo "2165"]
[PlyCount "76"]
[EventDate "2016.??.??"]

{Waiting for moves from server...} 1. e4 c5 2. Nf3 d6 3. Bb5+ Nd7 4. O-O e6 5.
d4 cxd4 6. Qxd4 e5 7. Qa4 Be7 8. c4 h6 9. Nc3 Ngf6 10. Qc2 O-O 11. Bxd7 Bxd7
12. b3 Bg4 13. h3 Be6 14. Nd5 Nxd5 15. exd5 Bd7 16. Ba3 b6 17. Nd2 f5 18. f4 e4
19. Rac1 Rc8 20. b4 Qe8 21. Nb3 Ba4 22. Qe2 Bxb3 23. axb3 Qf7 24. b5 Rfe8 25.
Ra1 Rc7 26. Ra2 Rd7 27. Rfa1 Bf8 28. Bb2 Ree7 29. Bd4 Kh7 30. Qe3 g6 31. Qc3
Qe8 32. Bf6 Rf7 33. Bd4 Qd8 34. Kh2 g5 35. g3 gxf4 36. gxf4 Bg7 37. Rg1 Qh4 38.
Rf2 Qxf2+ 0-1

[Event "Wien 1-Tunisia"]
[Site "?"]
[Date "2016.06.26"]
[Round "?"]
[White "Malki, Mounir"]
[Black "Teichmeister, Sven"]
[Result "1-0"]
[WhiteElo "1757"]
[BlackElo "2005"]
[PlyCount "49"]
[EventDate "2016.??.??"]

1. d4 Nf6 2. c4 e6 3. Nc3 Bb4 4. Qc2 Nc6 5. Nf3 d5 6. Bg5 O-O 7. e3 h6 8. Bh4
Be7 9. a3 dxc4 10. Bxc4 Nd5 11. Bg3 a6 12. O-O Bf6 13. Rad1 Nxc3 14. bxc3 Qe7
15. Ba2 g6 16. h4 h5 17. a4 b6 18. d5 exd5 19. Bxd5 Bf5 20. e4 Bd7 21. e5 Bf5
22. exf6 Qxf6 23. Qb2 Rac8 24. Rfe1 Rfd8 25. Bf4 1-0

[Event "Dresdner Seniorenklub-Oberlausitz"]
[Site "?"]
[Date "2016.06.26"]
[Round "?"]
[White "Brauer, Christian"]
[Black "Ziegenbein, Dieter"]
[Result "1-0"]
[WhiteElo "2102"]
[BlackElo "1701"]
[PlyCount "59"]
[EventDate "2016.??.??"]

1. c4 e5 2. g3 Nf6 3. Bg2 c6 4. Nc3 Bb4 5. e4 Bxc3 6. dxc3 Qc7 7. Ne2 d6 8. O-O
Be6 9. b3 Na6 10. h3 Rd8 11. Bg5 Qd7 12. Kh2 h6 13. Be3 b6 14. Qc2 Nc7 15. Rad1
Qc8 16. f4 exf4 17. Bxf4 d5 18. Nd4 Bd7 19. exd5 cxd5 20. Bxc7 Qxc7 21. cxd5
O-O 22. c4 Nh5 23. Qf2 f5 24. Bf3 Nf6 25. Rde1 g5 26. Qc2 Qc8 27. Ne6 Bxe6 28.
dxe6 Ne4 29. Bxe4 fxe4 30. e7 1-0

[Event "Denmark-BSV Chemie Radebeul"]
[Site "?"]
[Date "2016.06.26"]
[Round "?"]
[White "Mortensen, Steen Juul"]
[Black "Unger, Martin"]
[Result "1-0"]
[WhiteElo "2002"]
[BlackElo "1514"]
[PlyCount "67"]
[EventDate "2016.??.??"]

1. d4 e6 2. c4 d5 3. Nf3 Nf6 4. g3 g6 5. Bg2 Bg7 6. O-O O-O 7. Qc2 dxc4 8. Qxc4
Nbd7 9. Rd1 Nb6 10. Qc2 c6 11. e4 Re8 12. Nc3 h6 13. h3 Qc7 14. a4 a5 15. Be3
Nc4 16. Bf4 Qe7 17. b3 Nb6 18. Rac1 g5 19. Be3 Qc7 20. Qb1 Re7 21. Nb5 Qd8 22.
Na3 Qc7 23. Nc4 Nxc4 24. bxc4 Bd7 25. d5 Qc8 26. d6 Re8 27. e5 Nh7 28. c5 f6
29. Bd4 Rf8 30. exf6 Bxf6 31. Qg6+ Kh8 32. Ne5 Qe8 33. Qxh6 Bg7 34. Ng6+ 1-0

[Event "Liechtenstein-Deutsche Schach-Loewen"]
[Site "Radebeul"]
[Date "2016.06.27"]
[Round "?"]
[White "Guller, Andras"]
[Black "Schwieger, Wolfgang"]
[Result "1-0"]
[WhiteElo "2013"]
[BlackElo "1825"]
[PlyCount "73"]
[EventDate "2016.??.??"]

1. e4 d6 2. d4 g6 3. Nc3 Bg7 4. Nge2 c6 5. g3 f5 6. Bg2 Nf6 7. O-O O-O 8. Bf4
fxe4 9. Nxe4 Nxe4 10. Bxe4 Bf5 11. Bxf5 Rxf5 12. c3 d5 13. g4 Rf7 14. Bg3 Nd7
15. Nf4 Nf8 16. Qe2 Qd7 17. Nd3 Qe6 18. Rae1 Qxe2 19. Rxe2 Nd7 20. Rfe1 Bf8 21.
Kg2 Rd8 22. f3 Rc8 23. h4 Rg7 24. Nf4 Nb6 25. Ne6 Rf7 26. Ng5 Re8 27. Nxf7 Kxf7
28. Bc7 Nc8 29. g5 e6 30. b3 Bd6 31. Bxd6 Nxd6 32. Kh3 a5 33. Kg4 b5 34. Rh1
Nf5 35. h5 gxh5+ 36. Rxh5 Rh8 37. g6+ 1-0

[Event "Deutsche Schach-Loewen-Liechtenstein"]
[Site "Radebeul"]
[Date "2016.06.27"]
[Round "?"]
[White "Carsten, Juergen"]
[Black "Iclicki, Willy"]
[Result "0-1"]
[WhiteElo "1789"]
[BlackElo "1970"]
[PlyCount "74"]
[EventDate "2016.??.??"]

1. e4 c6 2. d4 d5 3. exd5 cxd5 4. Nf3 Nc6 5. c3 g6 6. Bd3 Nh6 7. Bf4 Bf5 8. O-O
Bxd3 9. Qxd3 Bg7 10. Re1 e6 11. Na3 O-O 12. Nc2 Nf5 13. Ne3 Nxe3 14. Rxe3 a6
15. Rae1 b5 16. Ng5 h6 17. Nxe6 fxe6 18. Bxh6 Qf6 19. Bxg7 Kxg7 20. Rxe6 Qxf2+
21. Kh1 Rf6 22. h3 Raf8 23. R6e2 Qf4 24. Re3 Qf5 25. Qd2 Qf2 26. R3e2 Qf4 27.
Qd3 R8f7 28. Re3 Qf5 29. Qd2 Qg5 30. Qd3 Rf2 31. Rg3 Qf5 32. Qe3 Re7 33. Qc1
Rxe1+ 34. Qxe1 Rf1+ 35. Qxf1 Qxf1+ 36. Kh2 Qf4 37. b3 Ne7 0-1

[Event "SK Kaltenkirchen-SK 1968"]
[Site "Radebeul"]
[Date "2016.06.27"]
[Round "?"]
[White "Holzberg, Gerhard"]
[Black "David, Anton"]
[Result "1-0"]
[WhiteElo "1952"]
[BlackElo "1772"]
[PlyCount "63"]
[EventDate "2016.??.??"]

1. e4 d5 2. exd5 Qxd5 3. Nc3 Qa5 4. d4 Nf6 5. f3 c6 6. Bd3 Bf5 7. Nge2 e6 8.
O-O Be7 9. Bd2 Bxd3 10. cxd3 Qd8 11. Ne4 Nbd7 12. Kh1 O-O 13. Be3 Nd5 14. Bg1
b6 15. Rc1 Rc8 16. f4 N7f6 17. N2g3 Qc7 18. f5 exf5 19. Nxf5 Rfe8 20. Qf3 Nxe4
21. dxe4 Nf6 22. e5 Nd5 23. Ne3 Nxe3 24. Qxf7+ Kh8 25. Bxe3 c5 26. Qh5 Qd8 27.
Rfd1 g6 28. Qg4 Qc7 29. Bf4 Rf8 30. d5 Qd8 31. d6 Rxf4 32. dxe7 1-0

[Event "Germany 2 Women-SV Bannewitz"]
[Site "Radebeul"]
[Date "2016.06.27"]
[Round "?"]
[White "Beltz, Martina"]
[Black "Peglau, Markus"]
[Result "1-0"]
[WhiteElo "2053"]
[BlackElo "1777"]
[PlyCount "61"]
[EventDate "2016.??.??"]

1. d4 Nf6 2. Nf3 g6 3. g3 Bg7 4. Bg2 d5 5. O-O O-O 6. Nbd2 Nbd7 7. c4 c6 8. b3
dxc4 9. Nxc4 Nb6 10. Nfe5 Nfd7 11. Bb2 Nxc4 12. Nxc4 c5 13. e3 Rb8 14. Qd2 Qc7
15. Na5 cxd4 16. exd4 Nf6 17. Rac1 Qb6 18. Rfe1 e6 19. Ba3 Rd8 20. Bc5 Qb5 21.
a4 Qd7 22. Bxa7 Ra8 23. Bb6 Re8 24. Rc7 Qd6 25. Nc4 Qd8 26. Rxf7 Kxf7 27. Bxd8
Rxd8 28. Qf4 Bd7 29. Bxb7 Rab8 30. d5 exd5 31. Bxd5+ 1-0

[Event "Germany 2 Women-SV Bannewitz"]
[Site "Radebeul"]
[Date "2016.06.27"]
[Round "?"]
[White "Gempe, Anet"]
[Black "Jeute, Peter"]
[Result "1-0"]
[WhiteElo "2001"]
[BlackElo "1978"]
[PlyCount "87"]
[EventDate "2016.??.??"]

1. e4 d5 2. exd5 Qxd5 3. Nc3 Qa5 4. Bc4 Nf6 5. d3 c6 6. Nge2 Bf5 7. O-O e6 8.
Qe1 Nbd7 9. Bf4 Bb4 10. a3 Bxc3 11. Nxc3 O-O 12. Nd5 Qd8 13. Bc7 Qe8 14. Nxf6+
Nxf6 15. Bd6 Rd8 16. Bxf8 Qxf8 17. Qb4 Qxb4 18. axb4 a6 19. Rfd1 Kf8 20. f3 h6
21. Rd2 Nd7 22. Rad1 Nb6 23. Bb3 e5 24. c3 f6 25. d4 exd4 26. Rxd4 Rxd4 27.
Rxd4 Ke7 28. Kf2 Nc8 29. h4 Nd6 30. h5 Bd7 31. Rd2 Bc8 32. g4 Bd7 33. Kg3 f5
34. Kf4 fxg4 35. fxg4 Bc8 36. Re2+ Kf6 37. Rd2 Ke7 38. Ke5 Ne8 39. Bd1 Nf6 40.
Rg2 Be6 41. g5 hxg5 42. Rxg5 Ne8 43. Bg4 Bxg4 44. Rxg4 1-0

[Event "TuS Coswig 1920-Schachklub Heidenau"]
[Site "Radebeul"]
[Date "2016.06.27"]
[Round "?"]
[White "Flemmer, Wolfgang"]
[Black "Weichelt, Stefan"]
[Result "1/2-1/2"]
[WhiteElo "1984"]
[BlackElo "1980"]
[PlyCount "31"]
[EventDate "2016.??.??"]

1. e4 c5 2. d3 Nc6 3. g3 d6 4. Bg2 g6 5. Ne2 Bg7 6. O-O e6 7. Nd2 Nge7 8. f4 d5
9. c3 O-O 10. h3 f5 11. e5 Rb8 12. Nf3 b6 13. Qc2 h6 14. d4 c4 15. b4 b5 16. a4
1/2-1/2

[Event "Mongolia Women-SV Aufbau Bernburg"]
[Site "Radebeul"]
[Date "2016.06.27"]
[Round "?"]
[White "Soyolmaa Dashdondog"]
[Black "Wagner, Bernd"]
[Result "0-1"]
[WhiteElo "1923"]
[BlackElo "1935"]
[PlyCount "134"]
[EventDate "2016.??.??"]

1. e4 d5 2. e5 e6 3. d4 c5 4. c3 Nc6 5. Nf3 Qb6 6. Be2 Bd7 7. O-O Nh6 8. b3
cxd4 9. cxd4 Nf5 10. Bb2 Be7 11. Qd2 O-O 12. g4 Nh6 13. h3 Rac8 14. Nc3 Na5 15.
Rac1 Kh8 16. Nb1 Ng8 17. Rxc8 Rxc8 18. Rc1 Rxc1+ 19. Qxc1 f6 20. Nbd2 Qc6 21.
Qd1 Qb6 22. Nf1 Nc6 23. Bd3 fxe5 24. dxe5 Bc5 25. Qd2 Nge7 26. Kg2 Be8 27. Qf4
Ng6 28. Bxg6 Bxg6 29. Ng5 Nb4 30. Nf7+ Kg8 31. Ng5 Nd3 32. Qd2 Bxf2 33. Nf3 Be4
34. N1h2 Be3 35. Qc3 Nf4+ 36. Kh1 Qc5 37. Qxc5 Bxc5 38. Bc1 Nxh3 39. Kg2 Nf2
40. Bd2 Nd3 41. Kg3 h6 42. g5 Ba3 43. gxh6 Nc1 44. Ng4 Bxf3 45. Kxf3 gxh6 46.
Nxh6+ Kg7 47. Bxc1 Bxc1 48. Ng4 Kg6 49. Nf6 Kf5 50. Nd7 Bb2 51. Nc5 b6 52. Nd3
Bxe5 53. Nb4 Bc3 54. Nc6 a5 55. Ne7+ Ke5 56. Ng6+ Kd6 57. Ke3 Kc5 58. Kd3 Bf6
59. a3 e5 60. Nf8 e4+ 61. Kc2 Kd4 62. Ne6+ Ke5 63. Nc7 d4 64. Kd2 Bg5+ 65. Kd1
d3 66. Nb5 e3 67. Nc3 e2+ 0-1

[Event "BSV Chemie Radebeul-Oberoesterreich"]
[Site "Radebeul"]
[Date "2016.06.27"]
[Round "?"]
[White "Richter, Andreas"]
[Black "Obran, Harald"]
[Result "0-1"]
[WhiteElo "1747"]
[BlackElo "2015"]
[PlyCount "46"]
[EventDate "2016.??.??"]

1. d4 Nf6 2. c4 e6 3. Nc3 Bb4 4. e3 b6 5. Nge2 Ne4 6. Bd2 Nxd2 7. Qxd2 Bb7 8.
a3 Bxc3 9. Nxc3 O-O 10. e4 d5 11. Bd3 c5 12. dxc5 d4 13. Ne2 bxc5 14. O-O Nd7
15. f4 Nf6 16. Ng3 Ng4 17. h3 Ne3 18. Rfe1 f5 19. Nf1 fxe4 20. Bb1 Nxf1 21.
Rxf1 d3 22. Ba2 Qd4+ 23. Kh1 e3 0-1

[Event "TSG Markkleeberg von 1903-Latvia Women"]
[Site "Radebeul"]
[Date "2016.06.27"]
[Round "?"]
[White "Fuchs, Joachim"]
[Black "Priedite, Ingrida"]
[Result "0-1"]
[WhiteElo "1819"]
[BlackElo "2067"]
[PlyCount "104"]
[EventDate "2016.??.??"]

1. d4 Nf6 2. c4 e6 3. Nf3 b6 4. Bf4 Bb7 5. e3 Bb4+ 6. Nbd2 Ne4 7. a3 Nxd2 8.
Nxd2 Be7 9. e4 O-O 10. Rc1 c5 11. d5 f5 12. Bxb8 Qxb8 13. Bd3 fxe4 14. Nxe4 Qf4
15. O-O exd5 16. cxd5 Bxd5 17. Ng3 Bf7 18. Bb1 d5 19. Rc3 Bf6 20. Rf3 Qd4 21.
Rd3 Qxb2 22. Nh5 Bg6 23. Nxf6+ Rxf6 24. Rxd5 Bxb1 25. Qxb1 Qxb1 26. Rxb1 Re8
27. Kf1 Re7 28. a4 Rc6 29. a5 c4 30. a6 c3 31. Rc1 c2 32. g3 Kf7 33. f4 Rc3 34.
Kf2 g6 35. h3 Rec7 36. h4 Ra3 37. f5 Rxa6 38. g4 Ra4 39. fxg6+ hxg6 40. h5 Rxg4
41. hxg6+ Rxg6 42. Ke3 a5 43. Kd2 Rg2+ 44. Kd3 a4 45. Rb5 Rg3+ 46. Kd2 Rc6 47.
Rb4 a3 48. Ra4 b5 49. Ra7+ Ke6 50. Rb7 Rc5 51. Rb8 Kd6 52. Rh1 c1=Q+ 0-1

[Event "SV Horst-Emscher-Dettmann"]
[Site "Radebeul"]
[Date "2016.06.27"]
[Round "?"]
[White "Tobczewski, Peter"]
[Black "Dettmann, Uwe"]
[Result "1-0"]
[WhiteElo "2012"]
[BlackElo "1909"]
[PlyCount "55"]
[EventDate "2016.??.??"]

1. e4 e5 2. Nf3 Nc6 3. d4 exd4 4. Nxd4 d6 5. Bc4 Nf6 6. O-O Be7 7. Nxc6 bxc6 8.
Nc3 O-O 9. h3 Nd7 10. Be3 Bf6 11. Qe2 Nb6 12. Bb3 Re8 13. Rad1 Qe7 14. Rfe1 Bb7
15. a4 Ba6 16. f3 Bh4 17. Bf2 Bxf2+ 18. Qxf2 Nc4 19. Bxc4 Bxc4 20. Ne2 f6 21.
Nd4 c5 22. Nf5 Qd7 23. Qxc5 Be6 24. Qa5 Bxf5 25. exf5 Re5 26. Rxe5 fxe5 27.
Qxe5 Qxa4 28. Qd5+ 1-0

[Event "SG Gera/ Meuselwitz-Werder/BSG Bremen"]
[Site "Radebeul"]
[Date "2016.06.27"]
[Round "?"]
[White "Kohl, Anke"]
[Black "Heinemann, Lars"]
[Result "0-1"]
[WhiteElo "1511"]
[BlackElo "2040"]
[PlyCount "46"]
[EventDate "2016.??.??"]

1. c4 Nc6 2. Nc3 e5 3. g3 f5 4. Bg2 Nf6 5. e3 d5 6. cxd5 Nb4 7. d4 e4 8. Bf1
Nbxd5 9. Nxd5 Nxd5 10. a3 c6 11. Ne2 Bd6 12. Bg2 O-O 13. O-O Qe7 14. Bd2 g5 15.
f3 exf3 16. Rxf3 Kh8 17. Qc2 g4 18. Rf2 Nxe3 19. Qb3 Nxg2 20. Rxg2 Be6 21. Qc3
Bd5 22. Bf4 Qe4 23. Be5+ Bxe5 0-1